Sports Quiz

Random Sports or Soccer Quiz

Chelsea players on loan Quiz Stats

 Plays Quiz not verified by Sporcle

Score 0/30 Timer 10:00
0 Plays Today
Club Player % Correct
LiverpoolVictor Moses
87.7%
EvertonRomelu Lukaku
87.7%
Atletico MadridThibaut Courtois
84%
Zulte WaregemThorgan Hazard
83%
SevillaMarko Marin
80.2%
Aston VillaRyan Bertrand
70.8%
St EtienneKurt Zouma
67%
WiganJosh McEachran
66%
VitesseLucas Piazon
66%
LazioGael kakuta
65.1%
VitessePatrick van Aanholt
64.2%
ValenciaOriol Romeu
60.4%
Derby CountyPatrick Bamford
60.4%
VitesseChristian Atsu
59.4%
VitesseBetrand Traore
57.5%
Club Player % Correct
InternazionaleWallace
55.7%
MiddlesbroughNathaniel Chalobah
50.9%
MiddlesbroughKenneth Omeruo
45.3%
CordobaUlises Davila
40.6%
BlackburnTodd Kane
40.6%
FK SarajevoMatej Delac
37.7%
VitesseCristian Cuevas
35.8%
Hadjuk SplitMario Pasalic
28.3%
KV MechelenLamisha Musonda
27.4%
WalsallMilan Lalkovic
26.4%
BrentfordGeorge Saville
22.6%
NAC BredaStipe Perica
21.7%
Royal AntwerpBilly Clifford
18.9%
LeganesJhon Pirez
17.9%
UniautonomaJoao Rodriguez
3.8%

You're not logged in!

Compare scores with friends on all Sporcle quizzes.
OR
Log In

Show Comments

Extras

Top Quizzes Today


Score Distribution

Your Account Isn't Verified!

In order to create a playlist on Sporcle, you need to verify the email address you used during registration. Go to your Sporcle Settings to finish the process.

Report this User

Report this user for behavior that violates our Community Guidelines.

Details: